| 000 | 01546cam a2200361 i 4500 | ||
|---|---|---|---|
| 001 | 24264 | ||
| 003 | Mx-PuUPA | ||
| 005 | 20250321144859.0 | ||
| 008 | 140415s2013 mx a gr 000 0 spa d | ||
| 020 | _a9786077076643 | ||
| 040 |
_aMx-PuUPA _bspa _cMx-PuUPA _dMx-PuUPA _erda |
||
| 041 | 0 | _aspa | |
| 100 | 1 |
_aCastellanos, Leonel, _916709 _eautor |
|
| 245 | 1 | 3 |
_aEl efecto Leopi para ellas / _cLeonel Castellanos |
| 246 | 3 |
_aEl efecto Leopi para ellas : _bla guía esencial para convertir en la mujer que siempre obtiene lo que quiere y a quien quiere. |
|
| 250 | _aPrimera edición | ||
| 264 | 1 |
_aMéxico, D. F. : _bAlfaomega Grupo Editor, _c©2013 |
|
| 300 |
_axxiii, 223 páginas : _bilustraciones ; _c23 cm |
||
| 336 |
_2rdacontent _atexto _btxt |
||
| 337 |
_2rdamedia _asin medio _bn |
||
| 338 |
_2rdacarrier _avolumen _bnc |
||
| 500 | _a"La esperada continuación al bestseller #1: el efecto Leopl. La guía para conquistar la mente, el corazón y el cuerpo de cualquier persona... pero ahora ¡para ellas!.-- Cubierta, portada. | ||
| 650 | 7 |
_913986 _2armarc _aMujeres _xPráctica moral |
|
| 650 | 7 |
_2armarc _aHombres _xPsicología |
|
| 650 | 7 |
_2armarc _aRelaciones hombre-mujer _xAspectos psicológicos |
|
| 650 | 7 |
_2armarc _aMujeres _xConducta de vida |
|
| 650 | 7 |
_2armarc _aMujeres _vGuías de habilidades para la vida |
|
| 942 |
_2ddc _cLI _h155.33391 _iC33 |
||
| 999 |
_c24264 _d24264 |
||